Adolescent ZOne Enter With Caution: (Record no. 208039)

MARC details
000 -LEADER
fixed length control field 00621nam a22001937a 4500
005 - DATE AND TIME OF LATEST TRANSACTION
control field 20250103164120.0
010 ## - LCCN (DPL NO)
LC control number ENG-143188
020 ## - INTERNATIONAL STANDARD BOOK NUMBER
International Standard Book Number 9788179662960
Terms of availability 120.00
035 ## - SYSTEM CONTROL NUMBER
System control number EN-126720
035 ## - SYSTEM CONTROL NUMBER
System control number EN-126720
037 ## - SOURCE OF ACQUISITION
Source of stock number/acquisition DBAD
082 ## - DEWEY DECIMAL CLASSIFICATION NUMBER
Classification number 306.879
100 ## - MAIN ENTRY--PERSONAL NAME
Personal name Mohan, N. Raj
245 ## - TITLE STATEMENT
Title Adolescent ZOne Enter With Caution:
Remainder of title A Dialogue with Parents/
Statement of responsibility, etc by N. Raj Mohan
260 ## - PUBLICATION, DISTRIBUTION, ETC. (IMPRINT)
Place of publication, distribution, etc Chennai
Name of publisher, distributor, etc Emerald Publishers
Date of publication, distribution, etc 2011
270 ## - ADDRESS
Address 15A, First Floor, Case Major Road, Egmore,
City Chennai
Postal code 600008
Telephone number 91-44-28193206
300 ## - PHYSICAL DESCRIPTION
Extent 156p.:
Dimensions 21cm. (pb)
942 ## - ADDED ENTRY ELEMENTS (KOHA)
Source of classification or shelving scheme Dewey Decimal Classification
Item type English Books
Classification part 306.879
Call number suffix MOH
Holdings
Withdrawn status Lost status Not for loan Collection code Home library Current library Date acquired Source of acquisition Cost, normal purchase price Full call number Barcode Copy number Cost, replacement price Koha item type
      Non-fiction Kadipur Kadipur 03/01/2025 Delivery of Books Division 120.00 306.879 MOH EN-126720 1 120.00 English Books

© Delhi Public Library
Hit Counter
free hit counter